Downfall by degree / (Record no. 160076)

MARC details
000 -LEADER
fixed length control field 00444nam a22001817a 4500
005 - DATE AND TIME OF LATEST TRANSACTION
control field 20221214161740.0
010 ## - LCCN (DPL NO)
LC control number B-098861 ENG-135863
020 ## - INTERNATIONAL STANDARD BOOK NUMBER
International Standard Book Number 8187649399
Terms of availability 295.00
035 ## - SYSTEM CONTROL NUMBER
System control number B-098861
035 ## - SYSTEM CONTROL NUMBER
System control number EN-119395
037 ## - SOURCE OF ACQUISITION
Source of stock number/acquisition Katha
082 ## - DEWEY DECIMAL CLASSIFICATION NUMBER
Classification number S
100 ## - MAIN ENTRY--PERSONAL NAME
Personal name Hussein, Abdullah
245 ## - TITLE STATEMENT
Title Downfall by degree /
Statement of responsibility, etc Abdullah Hussein
260 ## - PUBLICATION, DISTRIBUTION, ETC. (IMPRINT)
Place of publication, distribution, etc New Delhi
Name of publisher, distributor, etc Katha
Date of publication, distribution, etc 2003
300 ## - PHYSICAL DESCRIPTION
Extent 294p.
Dimensions 22cm(pbk)
942 ## - ADDED ENTRY ELEMENTS (KOHA)
Source of classification or shelving scheme Dewey Decimal Classification
Item type English Books
Classification part S
Call number suffix ABD
Holdings
Withdrawn status Lost status Not for loan Collection code Home library Current library Date acquired Full call number Barcode Koha item type Source of acquisition Cost, normal purchase price Cost, replacement price Copy number
      Non-fiction Bawana Bawana 14/12/2022 S ABD EN-119395 English Books DBAD/PUB 295.00 295.00 1
      Fiction Sarojini Nagar Sarojini Nagar 14/01/2019 S ABD B-098861 English Books        
      Fiction Yojana Vihar Yojana Vihar 17/10/2019 S ABD B-98876 English Books BPPD/PUB 295.00 295.00  

© Delhi Public Library
Hit Counter
free hit counter